000 00706nam a2200241Ia 4500
003 OSt
005 20220925203505.0
006 a|||||r|||| 00| 0
007 ta
008 220923b |||||||| |||| 00| 0 eng d
037 _cGeneral Book
040 _aRTL
_cRTL
_beng
041 _2eng
_aeng
082 _aY73(Q7)y7E58, K3/Q7
100 _aWatt W Montgomery
_920589
245 0 _aMuslim intellectual
_b A syudy of Al-Ghazali
260 _aEdinburgh
_bUniversity Press
_c1963
300 _aviii, 215p
_ccm.
500 _aBibliography: P 203-06
650 _aMuslims
_926356
942 _hY73(Q7)y7E58, K3/Q7
_cGB
_2CC
999 _c546695
_d546695